| 000 | 00598nam a2200169 4500 | ||
|---|---|---|---|
| 001 | 133224 | ||
| 003 | ES-MaACL | ||
| 005 | 20230906194342.0 | ||
| 007 | t| | ||
| 008 | 070214s1952 sp r ||||1| spa d | ||
| 100 | 1 |
_aRubio de Castro, José Ignacio. _9100399 |
|
| 245 | 1 | 0 |
_aReloj de caracolas _b: comedia en tres actos y en prosa / _cde José Ignacio Rubio de Castro ; inspirada en una producción de Albert Lewin. |
| 260 |
_aZaragoza : _b[s. n.], _c1952 ( _fTall. Gráf. El Noticiero) |
||
| 300 |
_a55 p. ; _c17 cm. |
||
| 700 | 1 |
_aLewin, Albert. _972026 |
|
| 852 |
_aES-MaACL _j1992-F-3 _bR.38235 |
||
| 999 |
_c133224 _d133224 |
||